Länder nach Gesamtfläche der Nachbarländer - Statistiken

Allgemein
  • Dieses Quiz wurde 31 mal gespielt
  • Das Durchschnittsergebnis liegt bei 13 aus 20
Antwortstatistiken
Gesamtfläche in km² Land % Korrekt
28.102.417 China
100%
27.830.658 Kasachstan
89%
15.811.223 Russland
89%
26.695.207 Mongolei
86%
18.032.833 Ukraine
82%
18.144.284 Belarus
79%
17.872.343 Finnland
79%
18.459.662 Polen
71%
17.162.805 Estland
61%
17.416.373 Lettland
61%
17.683.084 Litauen
61%
26.795.417 Nordkorea
61%
17.998.151 Georgien
57%
15.184.649 Pakistan
57%
13.205.668 Afghanistan
54%
17.886.965 Norwegen
54%
19.629.446 Aserbaidschan
50%
13.781.714 Myanmar
46%
12.988.135 Bolivien
43%
12.912.361 Kirgistan
21%
Keine übereinstimmenden Quizze gefunden
Verteilung der Resultate
Anzahl Personen mit jedem Resultat
Perzentil nach korrekt beantworteten Fragen
Ihre Resultats-Entwicklung
Sie haben dieses Quiz noch nicht gespielt